000 002690000a22000970004500
100 1 _aSuárez, Jairo
245 1 0 _aMisión la Santísima Trinidad - Pereira
300 _aVol.17, núm.17 (Junio, 2005), Páginas 22-23
773 0 _tLa Voz Luterana de Colombia
942 _cANA
999 _c60546
_d60546